Giovanni Argenti jelentései magyar ügyekről 1603-1623

Elmentve itt :
Bibliográfiai részletek
Szerző: Argenti Giovanni
További közreműködők: Veress Endre
Benda Kálmán
Dokumentumtípus: Könyv
Megjelent: JATE Szeged 1983
Sorozat:Adattár XVI-XVIII. századi szellemi mozgalmaink történetéhez 7
Kulcsszavak:Jezsuita rend - Magyarország - 17. sz., Jezsuita rend - Erdély
Online Access:http://misc.bibl.u-szeged.hu/28972
LEADER 00779nam a2200217 i 4500
001 misc28972
005 20191207082058.0
008 180103s1983 hu o 0|| zxx d
020 |a 963-481-232-5 
022 |a 0230-8495 
040 |a SZTE Miscellanea Repozitórium  |b hun 
041 |a zxx 
100 1 |a Argenti Giovanni 
245 1 0 |a Giovanni Argenti jelentései magyar ügyekről 1603-1623  |h [elektronikus dokumentum] /  |c  Argenti Giovanni 
260 |a JATE  |b Szeged  |c 1983 
300 |a 237 
490 0 |a Adattár XVI-XVIII. századi szellemi mozgalmaink történetéhez  |v 7 
695 |a Jezsuita rend - Magyarország - 17. sz., Jezsuita rend - Erdély 
700 0 1 |a Veress Endre 
700 0 1 |a Benda Kálmán 
856 4 0 |u http://misc.bibl.u-szeged.hu/28972/1/ad_007.pdf  |z Dokumentum-elérés